000 00848nam a2200241 i 4500
001 14102
003 ES-MaACL
005 20251115063229.0
007 t|
008 980930s1997 sp ||||1| spa d
020 _a84-88620-15-2
080 _a821.134.2-22"19"
080 _a821.134.2 Muñoz Seca, Pedro 1.06
100 1 _aMuñoz Seca, Pedro,
_d1881-1936
_984499
245 1 3 _aLa plasmatoria /
_cPedro Muñoz Seca, Pedro Pérez Fernández ; edición, introducción y notas Mª Teresa Domingo y Benito.
260 _aSevilla :
_bKronos,
_c1997.
300 _a141 p. ;
_c22 cm.
600 1 4 _aMuñoz Seca, Pedro,
_d1881-1936-
_xCrítica e interpretación
_984500
700 1 _aPérez Fernández, Pedro.
_990862
700 1 _aDomingo y Benito, Mª Teresa.
_945148
852 _aES-MaACL
_jL-21377
_bR.126713
999 _c14102
_d14102